| 000 | 01684nam a2200421 a 4500 | ||
|---|---|---|---|
| 999 |
_c364343 _d364343 |
||
| 003 | BLK | ||
| 005 | 20250611164239.0 | ||
| 008 | 180408b bul|||||r ||||||| ||bul|| | ||
| 010 | _aKNG00099035000 | ||
| 020 | _a9789542825388 | ||
| 020 | _a9789542255390 | ||
| 040 | _aBLK | ||
| 041 |
_aBUL _cBUL |
||
| 072 | 7 |
_2bullib _aН83 _xЧужда художествена литература Н |
|
| 080 |
_aНемска литература _b821.112.2 _x-31 _z821.112.2-31 |
||
| 100 | 1 |
_aРемарк, Ерих Мария _eпърви автор _gРемарк, Ерих Паул _9257978 |
|
| 139 |
_aРемарк, Ерих Мария _bР 51 |
||
| 245 | 1 | 0 |
_aЖивот назаем _bРоман _cЕрих Мария Ремарк; прев. от нем. Венцеслав Константинов. |
| 250 | _a4. изд. | ||
| 257 | _aBGR | ||
| 260 |
_bСиела Норма _c2018 _9217021 _aСофия _n978-954-28- |
||
| 300 |
_a376 с. _c21 см |
||
| 380 | _aX | ||
| 500 | _aОриг. загл.: Der Himmel kennt keine Guenstlinge / Erich Maria Remarque. В кн. погрешно отпеч. 2. изд. - 1. изд. 1973 на изд. Медицина и физкултура, в сер. Стадион. | ||
| 700 | 1 |
_aРемарк, Ерих Паул _e* _9305816 |
|
| 700 | 1 |
_aКонстантинов, Венцеслав _eпрев. от нем. _9367608 |
|
| 852 |
_aЦб 295844 _bЦб |
||
| 856 | 4 | _qpdf | |
| 856 | 4 | _qpdf | |
| 942 |
_cKNG _n0 _049 _s1 |
||
| 944 |
_aCR _c2020-05-26 _k30576 _lЦветомила Тодорова |
||
| 944 |
_aED _c21.06.2013 |
||
| 999 | _d364343 | ||
| 999 | _d364343 | ||
| 999 | _d364343 | ||
| 999 | _d364343 | ||
| 999 | _d94217 | ||